Applied Thermodynamics (Record no. 8106)

MARC details
000 -LEADER
fixed length control field 00342nam a2200145Ia 4500
003 - CONTROL NUMBER IDENTIFIER
control field OSt
008 - FIXED-LENGTH DATA ELEMENTS--GENERAL INFORMATION
fixed length control field 191201s2011 xx 000 0 und d
082 ## - DEWEY DECIMAL CLASSIFICATION NUMBER
Classification number 621.4021
Item number KUA
100 ## - MAIN ENTRY--PERSONAL NAME
Personal name KUMAR, A
245 #0 - TITLE STATEMENT
Title Applied Thermodynamics
250 ## - EDITION STATEMENT
Edition statement Rev
260 ## - PUBLICATION, DISTRIBUTION, ETC. (IMPRINT)
Date of publication, distribution, etc 2011
Name of publisher, distributor, etc Dhanpat Rai Pubns (P) Ltd
Place of publication, distribution, etc New Delhi
300 ## - PHYSICAL DESCRIPTION
Extent 213+16
942 ## - ADDED ENTRY ELEMENTS (KOHA)
Source of classification or shelving scheme Dewey Decimal Classification
Koha item type Text Books
Holdings
Withdrawn status Lost status Source of classification or shelving scheme Damaged status Not for loan Collection code Home library Current library Date acquired Source of acquisition Cost, normal purchase price Bill Number Total Checkouts Full call number Acc. no. / Barcode Date last seen Date last borrowed Bill Date Koha item type
    Dewey Decimal Classification     Diploma in Mechanical PIET C-LIBRARY PIET C-LIBRARY 30/05/2013 IBH, New Delhi 120.00 2375 1 621.4021 KUA DE985 17/12/2019 09/12/2019 30/05/2013 Text Books
    Dewey Decimal Classification     Diploma in Mechanical PIET C-LIBRARY PIET C-LIBRARY 30/05/2013 IBH, New Delhi 120.00 2375   621.4021 KUA DE986 04/12/2019   30/05/2013 Text Books

Design & Developed by: PIET Central Library
R70 Miles Stone Pattikalyana Samalkha Panipat 132102
mail ID :- [email protected], Phone No:- 0180-2569700 Ex.216